000 00229nam a2200097Ia 4500
001 805665
005 20250826171157.0
008 250824s9999 xx 000 0 und d
245 0 _aAYLİN
_cAYŞE KULİN
260 _bEVEREST YAYINLARI
999 _c805665
_d805665